| 000 | 00357nam a22001457a 4500 | ||
|---|---|---|---|
| 020 | _a9780803181786 | ||
| 022 | _a01922998 | ||
| 082 | _a620 | ||
| 245 | _aANNUAL BOOK OF ASTM STANDARDS 2010 | ||
| 250 | _aVOLUME 01.08 FASTENERS | ||
| 260 |
_aNew York: _bASTM International, _c2010. |
||
| 300 |
_a985 p. ; _b27 cm. |
||
| 500 | _aPaperback. | ||
| 942 | _cBK | ||
| 999 |
_c33260 _d33260 |
||